Printing the future the 3d printing and rapid prototyping source book everything you need to know about the coming revolution in personal and industrial fabrication (Record no. 569384)

000 -LEADER
fixed length control field 00598nam a22001697a 4500
003 - CONTROL NUMBER IDENTIFIER
control field CEME
005 - DATE AND TIME OF LATEST TRANSACTION
control field 20210628202330.0
008 - FIXED-LENGTH DATA ELEMENTS--GENERAL INFORMATION
fixed length control field 210121b xxu||||| |||| 00| 0 eng d
040 ## - CATALOGING SOURCE
Transcribing agency ceme
082 ## - DEWEY DECIMAL CLASSIFICATION NUMBER
Classification number 620.0042 GRE
100 ## - MAIN ENTRY--PERSONAL NAME
Personal name Grenda , Ed
9 (RLIN) 59383
245 ## - TITLE STATEMENT
Title Printing the future the 3d printing and rapid prototyping source book everything you need to know about the coming revolution in personal and industrial fabrication
260 ## - PUBLICATION, DISTRIBUTION, ETC.
Place of publication, distribution, etc. USA
Name of publisher, distributor, etc. CASTLE BOOKS
Date of publication, distribution, etc. 2005
300 ## - PHYSICAL DESCRIPTION
Extent 200 P
650 ## - SUBJECT ADDED ENTRY--TOPICAL TERM
Topical term or geographic name entry element 3D PRINTING AND RAPID PROTOTYPING SOURCE BOOK .PRINTING THE FUTURE
9 (RLIN) 59384
942 ## - ADDED ENTRY ELEMENTS (KOHA)
Koha item type Book
Source of classification or shelving scheme
Holdings
Withdrawn status Lost status Source of classification or shelving scheme Damaged status Not for loan Permanent Location Current Location Shelving location Date acquired Full call number Barcode Date last seen Price effective from Koha item type Public note
          College of Electrical & Mechanical Engineering (CEME) College of Electrical & Mechanical Engineering (CEME) General Stacks 07/18/2017 620.0042 GRE CEME-41398 06/28/2021 06/28/2021 Book 4.1
© 2023 Central Library, National University of Sciences and Technology. All Rights Reserved.